000 01231nam2a22002651 4500
001 RU\NLR\INFOCOMM4\1000603027
005 20250617001241.0
035 _a(NLR Aleph) 002304556
090 _a4258010
_c4258010
100 _a20041007d1979 |||y0rusy50 ca
101 0 _arus
102 _aRU
105 _ay |||||||||
200 1 _aСостояние и перспективы развития специализации медико-инструментального производства
_fА.Х. Измайлов, Ю.А. Булыгин
210 _d1979
_aБ. м.
461 0 _1001RU\NLR\INFOCOMM4\1000602943
_12001#$aПромышленность медицинской техники$eОбзор. информ.$fМ-во мед. пром-сти, ЦБНТИ, медпром$v1979, 12
_94257270
_cМ.
_d1970-
_fМ-во мед. пром-сти, ЦБНТИ, медпром
_oОбзор. информ.
_tПромышленность медицинской техники
_v1979, 12
700 1 _aИзмайлов
_bА.Х.
_4070
701 1 _aБулыгин
_bЮ.А.
_4070
801 1 _aRU
_bInfoComm
_c20041007
801 0 _aRU
_bNLR
_gPSBO
852 _aNLR
_jП16/1192
942 _cISSUE
980 _aNB
980 _aRUSPER